Statistics for Countries by Any Two Letters in 45 Seconds

Click here to take the quiz!

General Stats

  • This quiz has been taken 6,445 times
  • The average score is 159 of 196

Answers on the Map

Answers color-coded by a green-red scale on the quiz's map according to % correct below.
Loading ...
 

Answer Stats

Country% Correct
Central African Republic
99%
Bosnia and
Herzegovina
98%
Canada
98%
Dominican Republic
98%
Saint Vincent and the
Grenadines
98%
Equatorial Guinea
97%
Mauritania
97%
Saint Kitts and Nevis
97%
San Marino
97%
São Tomé and Príncipe
97%
Turkmenistan
97%
United Arab Emirates
97%
Australia
96%
Democratic Republic
of the Congo
96%
Solomon Islands
96%
Trinidad and Tobago
96%
United Kingdom
96%
United States
96%
Liechtenstein
95%
Marshall Islands
95%
Saudi Arabia
95%
Vatican City
95%
Argentina
94%
Burkina Faso
94%
Federated States of
Micronesia
94%
Finland
94%
Lithuania
94%
Madagascar
94%
Russia
94%
Somalia
94%
Suriname
94%
Tunisia
94%
China
93%
Guinea-Bissau
93%
Indonesia
93%
Romania
93%
Saint Lucia
93%
Brunei
92%
Cambodia
92%
Dominica
92%
New Zealand
92%
Nicaragua
92%
Panama
92%
South Africa
92%
Afghanistan
91%
Albania
91%
Antigua and Barbuda
91%
Armenia
91%
Belarus
91%
Cameroon
91%
Germany
91%
Ireland
91%
Malaysia
91%
Netherlands
91%
Papua New Guinea
91%
Philippines
91%
Switzerland
91%
Algeria
90%
Bangladesh
90%
Botswana
90%
Czech Republic
90%
Lebanon
90%
Mongolia
90%
Pakistan
90%
South Sudan
90%
Spain
90%
Burundi
89%
Denmark
89%
Jamaica
89%
Kazakhstan
89%
Monaco
89%
Montenegro
89%
Myanmar
89%
Senegal
89%
Swaziland
89%
Austria
88%
Cape Verde
88%
France
88%
India
88%
Tanzania
88%
Ukraine
88%
Uzbekistan
88%
Benin
87%
Bolivia
87%
Brazil
87%
Iceland
87%
Liberia
87%
Macedonia
87%
Poland
87%
Sri Lanka
87%
Azerbaijan
86%
Comoros
86%
Costa Rica
86%
Guatemala
86%
Iran
86%
Japan
86%
Mauritius
86%
Portugal
86%
Republic of the Congo
86%
Seychelles
86%
Thailand
86%
Guinea
85%
Mexico
85%
Nigeria
85%
Singapore
85%
Chile
84%
Hungary
84%
Mali
84%
Morocco
84%
Oman
84%
Chad
83%
Palau
83%
Slovenia
83%
Tajikistan
83%
Colombia
82%
Guyana
82%
Maldives
82%
Sudan
82%
Vanuatu
82%
Bulgaria
81%
Estonia
81%
Ghana
81%
Malawi
81%
Kyrgyzstan
80%
Venezuela
80%
East Timor
79%
Nauru
79%
Nepal
79%
North Korea
79%
Paraguay
79%
Peru
79%
Angola
78%
Bahrain
78%
Bhutan
78%
Cote d'Ivoire
78%
Sweden
78%
Italy
77%
Namibia
77%
Samoa
77%
Uganda
77%
El Salvador
76%
Malta
76%
Taiwan
76%
Uruguay
76%
Yemen
76%
Mozambique
75%
Norway
75%
South Korea
75%
Andorra
74%
Ethiopia
74%
Latvia
74%
Rwanda
74%
Belize
73%
Jordan
73%
Bahamas
72%
Kiribati
72%
Lesotho
72%
Niger
72%
Serbia
72%
Tuvalu
72%
Turkey
71%
Georgia
70%
Grenada
70%
Cyprus
69%
Vietnam
69%
Zambia
69%
Sierra Leone
68%
Slovakia
68%
Croatia
67%
Libya
67%
Moldova
67%
Egypt
65%
Gambia
65%
Syria
63%
Barbados
62%
Eritrea
62%
Iraq
62%
Honduras
61%
Ecuador
60%
Kosovo
58%
Greece
56%
Qatar
55%
Gabon
53%
Haiti
51%
Zimbabwe
51%
Laos
50%
Kenya
47%
Luxembourg
47%
Kuwait
46%
Belgium
45%
Cuba
43%
Djibouti
43%
Israel
43%
Tonga
37%
Togo
26%
Fiji
24%

Score Distribution

Percentile by Number Answered

Percent of People with Each Score

Your Score History

You have not taken this quiz